Football - Les 10 plus gros transferts (2006-2007) - Statistiques

Statistiques générales
  • Ce quiz a été pris 41 fois
  • Le résultat moyen est 3 sur 10
Statistiques - réponses
Rang Club Précédent Nouveau Club Montant Joueur % Correct
1 Milan AC Chelsea 43 880 000 € Andriy Shevchenko
95%
3 Olympique Lyonnais Real Madrid 26 000 000 € Mahamadou Diarra
54%
6 Independiente Atletico Madrid 23 000 000 € Sergio Aguero
49%
9 Feyenoord Liverpool 18 000 000 € Dirk Kuyt
32%
5 Juventus Inter Milan 24 800 000 € Zlatan Ibrahimovic
32%
7 Boca Juniors Real Madrid 20 500 000 € Fernando Gago
30%
4 Real Betis Valence 25 000 000 € Joaquin
16%
2 Tottenham Manchester United 27 200 000 € Michael Carrick
16%
10 Juventus Real Madrid 16 000 000 € Emerson
8%
8 Lyn Oslo Chelsea 20 000 000 € John Obi Mikel
3%
Aucun quiz correspondant
Distribution des résultats
% des personnes avec chaque résultat
Percentile par nombre de réponses
Votre historique - résultats
Vous n’avez pas pris ce quiz